Les aventures de Ton Sawyer / (Registro nro. 9744)

Detalles MARC
000 -LIDER
fixed length control field 00861nam a2200265 a 4500
003 - IDENTIFICACDOR DE NÚMERO DE CONTROL
control field DO-SdBNP
005 - DATE AND TIME OF LATEST TRANSACTION
control field 20171212144352.0
008 - ELEMENTOS DE LONGITUD FIJA
fixed length control field 150826 19uu sp a 000 0 spa d
040 ## - FUENTE DE CATALOGACIÓN
Agencia que crea de manera original el registro BPMSU
Idioma de catalogación spa
Agencia que realiza la transcripción BPMSU
082 ## - NÚMERO DE CLASIFICACIÓN DECIMAL DE DEWEY
Classification number xxx
Item number T969a
100 1# - ASIENTO PRINCIPAL -- NOMBRE PERSONAL
Nombre personal Twain, Mark
240 10 - TITULO UNIFORME
Título uniforme the adventures of Tom Sawyer
245 14 - MENCIÓN DE TITULO
Título Les aventures de Ton Sawyer /
Mención de responsabilidad Mark Twain ; tradución Maria Antónia Oliver ; ilustración D´Isidre Monés
260 ## - PUBLICACIÓN, DISTRIBUCIÓN, ETC. (PIE DE IMPRENTA)
Lugar de publicación, distribución, etc Madrid :
Nombre del editor, distribuidor, etc. La Galera,
Fecha de publicación, distribución, etc [19--].
300 ## - DESCRIPCIÓN FÍSICA
Extensión 273 p. :
Otros detalles físicos il. ;
Dimensiones 20 cm.
490 0# - MENCIÓN DE SERIES
Mención de serie Enciclopédia Catalana
Volume/sequential designation 10
500 ## - NOTA GENERAL
Nota general Libro de pasta dura.
700 1# - ASIENTO SECUNDARIO -- NOMBRE PERSONAL
Nombre personal Oliver, Maria Antónia
Mención de responsabilidad trad.
700 1# - ASIENTO SECUNDARIO -- NOMBRE PERSONAL
Nombre personal Monés, D´Isidre
Mención de responsabilidad il.
830 #0 - ASIENTO SECUNDARIO DE SERIE--TÍTULO UNIFORME
Título uniforme Enciclopédia Catalana
Número de la parte o sección de una obra 10
910 ## - VALIDACIÓN
Validación 00144
942 ## - ADDED ENTRY ELEMENTS (KOHA)
Source of classification or shelving scheme Dewey Decimal Classification
Koha item type Libros
945 ## - INFORMACIÓN DE PROCESAMIENTO LOCAL
Información de procesamiento local Inventariado extranjero 2017 / YL
956 ## - LOCAL ELECTRONIC LOCATION AND ACCESS (OCLC)
Nombre de host Yngrid Lockward
Número de acceso 10
Método de acceso YLOCKWARD
Campo enlazado y núm. de secuencia BPMSU
Existencias
Withdrawn status Lost status Source of classification or shelving scheme Damaged status Not for loan Collection code Home library Current library Date acquired Source of acquisition Total Checkouts Full call number Barcode Date last seen Koha item type
    Dewey Decimal Classification     Colección General Biblioteca Pública Metropolitana Salomé Ureña Biblioteca Pública Metropolitana Salomé Ureña 10/25/2017 Donado por Fundi   xxx T969a BPMSU16040395 04/13/2016 Libros